La prehistoria: origen y desarrollo

I tiakina i:
Ngā taipitopito rārangi puna kōrero
Kaituhi matua: Orellana Rodríguez, Mario (autor)
Hōputu: Pukapuka
Reo:Pāniora
I whakaputaina: Santiago Universitaria 1981
Rangatū:Ciencias Sociales Antropología, 41
Ngā marau:
Ngā Tūtohu: Tāpirihia he Tūtohu
Kāore He Tūtohu, Me noho koe te mea tuatahi ki te tūtohu i tēnei pūkete!

MARC

LEADER 00000nam a2200000 a 4500
001 UCP7872
003 CL-VaPUC
008 000106e19810000CL |||||||||||||||||spa|d
082 0 4 |a 930.1  |b ORE  |2 21 
100 |a Orellana Rodríguez, Mario  |e autor  |9 559744 
245 1 3 |a La prehistoria: origen y desarrollo 
300 |a 83 p 
942 |c BK 
945 |d 20000106 00:00:00  |a rherrera 
260 |a Santiago  |b Universitaria  |c 1981 
650 0 |a Arqueología prehistórica  |9 437528 
650 7 |a DESCUBRIMIENTOS ARQUEOLOGICOS  |2 CL-VaPUC  |9 437539 
650 7 |a EDAD NEOLITICA  |2 CL-VaPUC  |9 433938 
650 7 |a EDAD PALEOLITICA  |2 CL-VaPUC  |9 437540 
650 0 |a Historia  |9 255047 
583 |a last modification  |c 20000106 00:00:00  |k Rodrigo Vera 
490 0 |a Ciencias Sociales Antropología, 41 
999 |c 284910  |d 284908 
952 |0 0  |1 0  |4 0  |6 930_100000000000000_ORE_1981  |7 0  |8 A  |9 329214  |a BIBHIS  |b BIBHIS  |d 2019-11-20  |i 1377752  |o 930.1 ORE 1981  |p 1377752  |r 2023-01-25  |w 2019-11-20  |y BK  |k HIS 
952 |0 0  |1 0  |4 0  |6 930_100000000000000_ORE_1981  |7 0  |8 A  |9 329215  |a BIBHIS  |b BIBHIS  |d 2019-11-20  |i 1377760  |o 930.1 ORE 1981  |p 1377760  |r 2023-01-25  |w 2019-11-20  |y BK  |k HIS 
952 |0 0  |1 0  |4 0  |6 930_100000000000000_ORE_1981  |7 0  |8 A  |9 329216  |a BIBHIS  |b BIBHIS  |d 2019-11-20  |i 1377779  |o 930.1 ORE 1981  |p 1377779  |r 2023-01-25  |w 2019-11-20  |y BK  |k HIS